00639nam a2200193Ia 4500952013000000999001700130003000400147005001700151008004100168020001800209040000900227082001800236100002500254245006100279260003000340300000900370650002400379942004200403 00102ddc40708ESSAYaMESbMEScENGd2019-02-20g282.75l0o814.54 SED/Dp28700r2019-02-20 00:00:00w2019-02-20yBKzGR9R4 c14220d14220OSt20201016115823.0190216s9999||||xx |||||||||||||| ||und|| a9780349116709 coclc a814.54bSED/D aSedaris, David95514 0aDress Your Family In Corduroy And Denim /cDavid Sedaris bAbacus ,c2005.aAmerica: a257p aGeneral Collections cBK2ddch814.54iSED/Dk814.54mSED/D